Statistiken für Geschichte nach Buchstabe - N

Klicken Sie hier um das Quiz zu spielen!

Allgemein

  • Dieses Quiz wurde 814 mal gespielt
  • Das Durchschnittsergebnis liegt bei 11 aus 20

Antwortstatistiken

Hinweis Antwort % Korrekt
Französischer Eroberer, der bei Waterloo geschlagen wurdeNapoleon
98%
Frühere deutsche FaschistenparteiNSDAP
94%
Pariser Kathedrale, dessen Konstruktion 1163 begannNotre-Dame
92%
Italienische Großstadt, die ursprünglich eine griechische Kolonie warNeapel
83%
Römischer Kaiser und LeierenthusiastNero
81%
Einziger US-Präsident, der zurücktratRichard Nixon
80%
Siegreicher Admiral am Kap TrafalgarHoratio Nelson
69%
Wikingerstamm, der sich in Frankreich niederließ und England eroberteNormannen
65%
1917 gestürzter russischer ZarNikolaus II.
61%
Berühmteste ägyptische Königin neben KleopatraNofretete
57%
Früherer Name von New York CityNeu-Amsterdam
54%
Land, das einst den Gewürzhandel dominierteNiederlande
53%
Provinz, die 1949 Kanada beitratNeufundland
45%
Chinesische Stadt, deren Name "Südliche Hauptstadt" bedeutetNanjing
35%
Größte Stadt der US-Südstaaten während des SezessionskriegesNew Orleans
33%
Familie, die die indische Politik seit der Unabhängigkeit dominierteNehru
28%
Indianerstamm, der während des 2. Weltkrieges als Code-Funker arbeiteteNavajo
25%
Historische Region im nördlichen SudanNubien
24%
Walfanginsel vor MassachusettsNantucket
22%
Ort der "Troubles"Nordirland
17%

Verteilung der Resultate

Perzentil nach korrekt beantworteten Fragen

Anzahl Personen mit jedem Resultat

Ihre Resultats-Entwicklung

Sie haben dieses Quiz noch nicht gespielt